Catalog

Record Details

Catalog Search



Un coeur simple  Cover Image Book Book

Un coeur simple / Gustave Flaubert ; pro české střední školy vydal s úvodem, poznámkami a slovníčkem František Grepl

Flaubert, Gustave, 1821-1880 (Author). Grepl, František, 1884-1962 (Editor, Author of introduction, etc.).

Record details

  • Physical Description: 44 stran ; 18 cm + poznámky a slovníček (30 stran)
  • Publisher: Praha-Karlín : Emil Šolc, [1914?]
Genre: francouzské povídky

Available copies

  • 1 of 1 copy available at Common Catalog SPOK.

Holds

  • 0 current holds with 1 total copy.
Show Only Available Copies
Location Call Number / Copy Notes Barcode Shelving Location Status Due Date
The Jewish community of Prague K 1940 4638306718 K - Beletrie Available -

LDR 01281nam a2200337 i 4500
00156977
003CZ-PrJAB
00520160927143934.0
007ta
008000211s1914 xr 000 1 fre
015 . ‡acnb000568845
020 . ‡q(Vázáno)
035 . ‡a(CZ PrNK)nos190110549
035 . ‡a(OCoLC)85476443
040 . ‡aABA001 ‡bcze ‡cKLG001 ‡dABA001 ‡erda
0410 . ‡afre ‡acze
072 7. ‡a821.133.1-3 ‡xFrancouzská próza, francouzsky psaná ‡2Konspekt ‡925
080 . ‡a821.133.1-32 ‡2MRF
080 . ‡a(0:82-32) ‡2MRF
1001 . ‡aFlaubert, Gustave, ‡d1821-1880 ‡7jn19990002312 ‡4aut
24513. ‡aUn coeur simple / ‡cGustave Flaubert ; pro české střední školy vydal s úvodem, poznámkami a slovníčkem František Grepl
264 1. ‡aPraha-Karlín : ‡bEmil Šolc, ‡c[1914?]
300 . ‡a44 stran ; ‡c18 cm + ‡epoznámky a slovníček (30 stran)
336 . ‡atext ‡btxt ‡2rdacontent
337 . ‡abez média ‡bn ‡2rdamedia
338 . ‡asvazek ‡bnc ‡2rdacarrier
4901 . ‡aŠkolní knihovna děl německých, francouzských a anglických ; ‡vsvazek XXVI
655 7. ‡afrancouzské povídky ‡7fd132287 ‡2czenas
7001 . ‡aGrepl, František, ‡d1884-1962 ‡7jk01032661 ‡4edt ‡4aui
830 0. ‡aŠkolní knihovna děl německých, francouzských a anglických
910 . ‡aABE461
995 . ‡aska
901 . ‡a56977 ‡bAUTOGEN ‡c56977 ‡tbiblio

Additional Resources